000
00254nam a22001097a 4500
082
_a
575.5 FIS'G
100
_a
FISHER, R.A
_9
59548
245
_a
THE GENTICAL THEORY OF NATURAL SELECTION
260
_a
NEWYORK
_b
DORER
_c
1958
300
_a
291P
942
_c
BK
999
_c
569498
_d
569498